| 000 | 00407nam a22001697a 4500 | ||
|---|---|---|---|
| 005 | 20160614170304.0 | ||
| 008 | 160614b xxu||||| |||| 00| 0 eng d | ||
| 020 | _a978-0141-00022-0 | ||
| 041 | _aeng | ||
| 082 | _b7587 | ||
| 100 |
_aGhoshal Sumantra and Others _91932 |
||
| 245 | _aManaging Radical Change | ||
| 260 |
_bPenguin books _c2002 |
||
| 300 | _a331 | ||
| 650 |
_aManagement _9241 |
||
| 942 | _cBK | ||
| 999 |
_c2711 _d2710 |
||